000
nam a22 7a 4500
999
_c
51619
_d
51619
003
OSt
005
20220412125951.0
008
220412b xxu||||| |||| 00| 0 eng d
040
_c
SEROSOFT
100
_a
BARE ACT
245
_a
THE PREVENTION OF MONEY LAUNDRING ACT
260
_a
ALP
_b
ALP
300
_a
54
942
_2
ddc
_c
01